01174 a2200193 450000100040000000500170000400800410002100300150006204000400007708000730011724500690019025000120025926400420027130000240031350504480033710000210078570000220080685601520082825320260407155417.0260407a2009 arg spa dAR-UNSa-BCEJYS aAR-UNSa-BCEJYSbspacAR-UNSa-BCEJYS a510xConsideraciones fundamentales y generales de las matemáticas 10aMatemáticas aplicadaspa la administración y a la economía a5a. ed. 1aMéxico :bPearson Educaciónc2009 axiii, 818 p.c25 cm a1. Algebra 2. Ecuaciones de una variable 3. Desigualdades 4. Líneas rectas 5. Funciones y sus gráficas 6. Logaritmos y exponenciales 7. Progresiones y matemáticas financieras 8. Algebra de matrices 9. Inversas y determinantes 10. Programación lineal 11. La derivada 12. Cálculo de derivadas 13. Optimización y bosquejo de curvas 14. Más sobre derivadas 15. Integración 16. La integral definida 17. Funciones de varias variables1 aArya, Jagdish C.1 aLardner, Robin W.41uhttps://biblioeco.unsa.edu.ar/pmb/images/libros/Matem?ticas Aplicadas a la administraci?n y a la econom?a(5a ed).jpgyImagen de portadaqimage/jpeg